Music Quiz

Random Music or Kpop Quiz

Guess my kpop bias Quiz Stats

 Plays Quiz not verified by Sporcle

Challenge
Share
Tweet
Score 0/45 Timer 10:00
0 Plays Today
% Correct
Chen
98.6%
Suga
92.3%
JB
91.5%
Hyuna
91%
Taemin
85%
LE
80.8%
Jay Park
79.5%
Zelo
78.7%
Sungjae
76.7%
Hyuk
75%
Ren
73.5%
I M
69.7%
Jinhwan
68.5%
Yoseob
67.3%
Joshua Woozi Jeonghan
63.8%
Sungjong
60.9%
Gongchan
60.4%
Jaejoong
56.8%
L Joe
55.1%
Jinwoo
48.6%
Kyuhyun Heechul
48.5%
Taeyong Johnny
45.2%
Wooshin
43.7%
% Correct
Takuya
43.5%
Hansol
42.7%
JinJin Moonbin
41.5%
Jeongmin
36.1%
Kiseop
36.1%
Young K Jae
31.8%
Yibo
29.4%
Yijeong
29.1%
E Co
25.5%
Daeil
23.1%
Seunghyun
21.3%
Joon Young
20.5%
Minsu Suwoong
19.9%
Junhyuk
19.2%
Moon
18%
Hyesung
15.1%
Jay
11%
Taewoong
11%
J Jun
9.6%
Junyong
8.5%
Jungkyun
7%
Roh Ji Hoon
3.4%

You're not logged in!

Compare scores with friends on all Sporcle quizzes.
OR
Log In

You Might Also Like...

Show Comments

Extras

Top Quizzes Today


Score Distribution

Your Account Isn't Verified!

In order to create a playlist on Sporcle, you need to verify the email address you used during registration. Go to your Sporcle Settings to finish the process.

Report this User

Report this user for behavior that violates our Community Guidelines.

Details: